[Event "Tournoi Skype 022A"]
[Site "Skype"]
[Date "????.??.??"]
[Round "5.8"]
[White "Ibarra Cantu, Raul Alberto"]
[Black "Thacker, Stephen"]
[Result "1-0"]
[WhiteElo "1924"]
[BlackElo "1693"]
[PlyCount "49"]

1. Nf3 c5 2. c4 g6 3. d4 Bg7 4. Nc3 cxd4 5. Nxd4 e6 6. e4 a6 7. Be3 Qc7 8. Be2
Ne7 9. Rc1 Nbc6 10. O-O O-O 11. Qd2 f5 12. f4 d5 13. cxd5 exd5 14. Nxd5 Qd8 15.
Nxc6 Nxc6 16. Bb6 Qh4 17. g3 Qh6 18. Nc7 Rb8 19. e5 Rd8 20. Qc3 g5 21. Qc4+ Kh8
22. Nxa6 Nxe5 23. Qc7 Rd2 24. Qxb8 Rxe2 25. Rxc8+ 1-0

[Event "Tournoi Skype 022A"]
[Site "Skype"]
[Date "????.??.??"]
[Round "5.9"]
[White "Lopez, Jose Luis"]
[Black "Casey, Eamonn"]
[Result "1-0"]
[WhiteElo "1897"]
[BlackElo "1686"]
[PlyCount "57"]

1. e4 e6 2. d4 d5 3. Nc3 Nf6 4. Bg5 Be7 5. e5 Nfd7 6. h4 c5 7. Bxe7 Qxe7 8. Nb5
Qd8 9. Nd6+ Ke7 10. Qg4 Kf8 11. Nf3 cxd4 12. Qf4 f6 13. O-O-O Nc6 14. exf6 Nxf6
15. Nb5 Bd7 16. g4 Ke7 17. Qd6+ Kf7 18. Ng5+ Kg6 19. h5+ Kxg5 20. f4+ Kxg4 21.
Be2+ Kg3 22. Qa3+ Kxf4 23. Rdf1+ Kg5 24. Qg3+ Kh6 25. Qf4+ g5 26. hxg6+ Kxg6
27. Rh6+ Kg7 28. Qg5+ Kf8 29. Rhxf6+ 1-0

[Event "Tournoi Skype 022A"]
[Site "Skype"]
[Date "????.??.??"]
[Round "5.10"]
[White "Trivedi, Viral"]
[Black "Dal, Ibrahim"]
[Result "0-1"]
[WhiteElo "1679"]
[BlackElo "1838"]
[PlyCount "34"]

1. d4 c6 2. Bf4 d5 3. e3 Bf5 4. Nf3 e6 5. c4 Bxb1 6. Qxb1 Bb4+ 7. Nd2 Bxd2+ 8.
Kxd2 Nf6 9. Bd3 dxc4 10. Bxc4 Nd5 11. Bg3 Nd7 12. Re1 Qa5+ 13. Ke2 N7b6 14. Bd3
Nb4 15. Bxh7 Qh5+ 16. Kf1 Qxh7 17. Qd1 Nc2 0-1

[Event "Tournoi Skype 022A"]
[Site "Skype"]
[Date "????.??.??"]
[Round "5.11"]
[White "Martinez, Jose Abel"]
[Black "Segura Lozano, Marcos Antonio"]
[Result "0-1"]
[WhiteElo "1669"]
[BlackElo "1825"]
[PlyCount "64"]

1. d4 Nf6 2. Nf3 e6 3. Bg5 d5 4. Nbd2 Be7 5. e3 h6 6. Bxf6 Bxf6 7. Bd3 O-O 8.
O-O b6 9. c3 Bb7 10. Re1 Nd7 11. Qc2 e5 12. e4 Re8 13. Re2 c5 14. Bb5 cxd4 15.
cxd4 Rc8 16. Qa4 Re7 17. Bxd7 Rxd7 18. dxe5 Be7 19. Rae1 a6 20. Qb3 d4 21. e6
Rd6 22. exf7+ Kf8 23. e5 Rd5 24. e6 d3 25. Ne5 Rxe5 26. Rxe5 Qd4 27. R1e3 Rc1+
28. Re1 Qxe5 29. Rxc1 Qg5 30. g3 Qxd2 31. Qc4 Bc5 32. Qc3 Qxf2# 0-1

[Event "Tournoi Skype 022A"]
[Site "Skype"]
[Date "????.??.??"]
[Round "5.12"]
[White "L'Herbon De Lussats, Jean"]
[Black "Thoune, Jim"]
[Result "1-0"]
[WhiteElo "1507"]
[BlackElo "1741"]
[PlyCount "71"]

1. e4 e6 2. d4 d5 3. exd5 exd5 4. c4 dxc4 5. Bxc4 Nf6 6. Nc3 Be7 7. Nf3 O-O 8.
O-O h6 9. Be3 c6 10. Qc2 Nbd7 11. Rad1 Nb6 12. Bb3 Bg4 13. Rd2 Qc7 14. Ne5 Bh5
15. a3 Bd6 16. Bf4 Rac8 17. Qd3 Rfe8 18. Bc2 Nbd5 19. Bg3 Ne7 20. Ne4 Nxe4 21.
Qxe4 Ng6 22. f4 c5 23. Qf5 cxd4 24. Qxh5 Nxe5 25. fxe5 Bxe5 26. Bxe5 Rxe5 27.
Qd1 Qc5 28. Bd3 Qd5 29. Qf3 Qxf3 30. Rxf3 Rc1+ 31. Rf1 Ree1 32. Rdf2 f6 33. Bg6
Red1 34. Rxd1 Rxd1+ 35. Rf1 Rd2 36. Re1 1-0

[Event "Tournoi Skype 022A"]
[Site "Skype"]
[Date "????.??.??"]
[Round "5.13"]
[White "Murgia, Stefano"]
[Black "Vasquez, Oscar"]
[Result "1-0"]
[WhiteElo "1729"]
[BlackElo "1600"]
[PlyCount "55"]

1. e4 d5 2. exd5 Qxd5 3. Nc3 Qd8 4. d4 Bf5 5. Bc4 e6 6. Qe2 Qxd4 7. Nf3 Qd8 8.
Bf4 c6 9. O-O Bc5 10. Rad1 Nd7 11. Ne4 Ngf6 12. Nxc5 O-O 13. Ne5 Nd5 14. Ncxd7
Nxf4 15. Qf3 Qg5 16. Qg3 Qxg3 17. hxg3 Nd5 18. Nxf8 Rxf8 19. Bd3 Ne7 20. Bxf5
Nxf5 21. Rd7 f6 22. Nc4 b5 23. Na5 c5 24. Rfd1 a6 25. Ra7 Nd4 26. c3 Nf5 27.
Rdd7 e5 28. g4 1-0

[Event "Tournoi Skype 022A"]
[Site "Skype"]
[Date "????.??.??"]
[Round "5.14"]
[White "Khetre, Gaurav"]
[Black "Levantini, Claudio"]
[Result "1-0"]
[WhiteElo "1714"]
[BlackElo "1432"]
[PlyCount "51"]

1. d4 d5 2. Nf3 Nf6 3. g3 c6 4. Bg2 Bf5 5. O-O Nbd7 6. c4 e6 7. Nc3 dxc4 8. a4
Be7 9. Nd2 O-O 10. Nxc4 Bg6 11. Bf4 Nh5 12. Be5 f6 13. Bd6 Bxd6 14. Nxd6 Qc7
15. Nc4 Bf7 16. e3 g6 17. f4 e5 18. d5 cxd5 19. Bxd5 Nb6 20. Bxf7+ Rxf7 21. Nd6
Rd7 22. Qb3+ Kf8 23. fxe5 Kg7 24. g4 fxe5 25. Ncb5 Nf4 26. Nxc7 1-0

[Event "Tournoi Skype 022A"]
[Site "Skype"]
[Date "????.??.??"]
[Round "5.15"]
[White "Murolo, Antonio"]
[Black "Gharbi, Said"]
[Result "1-0"]
[WhiteElo "1675"]
[BlackElo "1576"]
[PlyCount "111"]

1. d4 e5 2. dxe5 Nc6 3. Nf3 Qe7 4. Nc3 Nxe5 5. Nd5 Nxf3+ 6. gxf3 Qd8 7. Bg5 Be7
8. Nxe7 Nxe7 9. Qd4 O-O 10. Rg1 Nf5 11. Qg4 f6 12. Qxf5 fxg5 13. Qxg5 Qxg5 14.
Rxg5 Rf4 15. Bg2 d6 16. O-O-O Be6 17. a3 Raf8 18. e3 Rc4 19. Rd2 Rh4 20. f4 b6
21. Bd5 Bxd5 22. Rgxd5 Rxh2 23. Rg5 Rh1+ 24. Rd1 Rxd1+ 25. Kxd1 Rf6 26. Kd2 Kf7
27. Rh5 h6 28. Rh2 Rf5 29. Kd3 Kg6 30. c3 Rd5+ 31. Kc2 Rh5 32. Rg2+ Kf6 33. Kd3
c5 34. e4 Rh4 35. f5 Rf4 36. Ke3 Rh4 37. Rg6+ Kf7 38. Rxd6 Rh3+ 39. f3 Ke7 40.
Rg6 Kf7 41. e5 Rh1 42. e6+ Kf8 43. e7+ Kxe7 44. Rxg7+ Kf8 45. Rxa7 Re1+ 46. Kf4
Re2 47. b4 cxb4 48. cxb4 h5 49. Rb7 h4 50. Kg4 Rh2 51. Rxb6 Rh1 52. Rh6 Rg1+
53. Kxh4 Rh1+ 54. Kg5 Rg1+ 55. Kf4 Kg7 56. Rg6+ 1-0

[Event "Tournoi Skype 022A"]
[Site "Skype"]
[Date "????.??.??"]
[Round "5.16"]
[White "Calcino, Luis"]
[Black "Sepulveda, Lyda Marcela"]
[Result "1-0"]
[WhiteElo "1570"]
[BlackElo "1624"]
[PlyCount "73"]

1. d4 d5 2. e3 c6 3. Bd3 Nf6 4. Nd2 e6 5. f4 Bd6 6. Ngf3 O-O 7. Ne5 Nbd7 8. Qf3
c5 9. c3 c4 10. Bc2 Re8 11. g4 Nf8 12. g5 N6d7 13. h4 f6 14. Ng4 b5 15. Nh6+
gxh6 16. gxh6 f5 17. Qg3+ Ng6 18. h5 Ndf8 19. Nf3 Kh8 20. Ne5 Bxe5 21. dxe5 Bb7
22. hxg6 Nxg6 23. Rh5 Rg8 24. Rg5 Nxe5 25. Rxg8+ Qxg8 26. Qg7+ Qxg7 27. hxg7+
Kxg7 28. fxe5 Kh8 29. e4 Rg8 30. exf5 Rg2 31. Bd1 Rg1+ 32. Ke2 h5 33. f6 Kg8
34. Be3 Rg2+ 35. Kf1 d4 36. cxd4 h4 37. Bh5 1-0

[Event "Tournoi Skype 022A"]
[Site "Skype"]
[Date "????.??.??"]
[Round "5.17"]
[White "Mordaa, Ahmad"]
[Black "Diaz, Jose Garcia"]
[Result "0-1"]
[WhiteElo "1467"]
[BlackElo "1616"]
[PlyCount "80"]

1. e4 c5 2. Nf3 d6 3. c3 g6 4. d4 cxd4 5. cxd4 Bg7 6. Nc3 e6 7. Be3 Ne7 8. Bb5+
Bd7 9. Be2 O-O 10. Qd2 Nbc6 11. Bh6 a6 12. Bxg7 Kxg7 13. O-O d5 14. exd5 Nxd5
15. Nxd5 exd5 16. Qf4 Re8 17. Bd3 Qf6 18. Qc7 Bg4 19. Ne5 Nxe5 20. dxe5 Qxe5
21. Qxe5+ Rxe5 22. Rac1 Be2 23. Rfe1 Rae8 24. Bb1 Bb5 25. Rxe5 Rxe5 26. f3 Re2
27. b3 Rd2 28. a4 Bd3 29. Bxd3 Rxd3 30. b4 d4 31. Rc7 b5 32. axb5 axb5 33. Rc5
Rd1+ 34. Kf2 Rd2+ 35. Kf1 Kf6 36. Rxb5 Rb2 37. Rb7 Ke6 38. b5 d3 39. b6 Rb1+
40. Kf2 d2 0-1

[Event "Tournoi Skype 022A"]
[Site "Skype"]
[Date "????.??.??"]
[Round "5.18"]
[White "Chavero, Victor"]
[Black "Castillo, Jesus"]
[Result "1-0"]
[WhiteElo "1461"]
[BlackElo "1600"]
[PlyCount "109"]

1. d4 d5 2. Nf3 Nf6 3. e3 c6 4. Bd3 Nbd7 5. O-O Qc7 6. b3 e6 7. Bb2 c5 8. Nbd2
cxd4 9. exd4 Bd6 10. Qe2 Ng4 11. g3 O-O 12. Nh4 Ngf6 13. Ndf3 Re8 14. Ne5 b6
15. Nhf3 Bb7 16. Rac1 Rac8 17. Ng5 Rf8 18. f4 h6 19. Ngf3 Rfe8 20. g4 Ne4 21.
Nh4 Nc3 22. Bxc3 Qxc3 23. Nxd7 Qxd4+ 24. Qf2 Qxf2+ 25. Kxf2 Rc7 26. Ne5 g5 27.
Nhf3 gxf4 28. Rfe1 f6 29. Ng6 e5 30. Nfh4 e4 31. Nf5 Bc5+ 32. Kf1 exd3 33.
Rxe8+ Kf7 34. cxd3 Kxe8 35. b4 Ba6 36. bxc5 Bxd3+ 37. Kf2 h5 38. Nd6+ Kd7 39.
Nxf4 bxc5 40. Nxd3 Kxd6 41. gxh5 c4 42. Nf4 Rb7 43. Rc2 Ke5 44. Kg3 Kd4 45.
Rd2+ Ke4 46. Rxd5 c3 47. Rc5 Kd4 48. Rc6 Rb1 49. h6 Rb2 50. h7 Rb8 51. Ne2+ Kd3
52. Nxc3 Rh8 53. Rc7 Kd4 54. Ne2+ Kd5 55. Nf4+ 1-0

[Event "Tournoi Skype 022A"]
[Site "Skype"]
[Date "????.??.??"]
[Round "5.20"]
[White "Slagle, Jim"]
[Black "Alvarez, Juan Evangelista"]
[Result "1-0"]
[WhiteElo "1800"]
[BlackElo "1573"]
[PlyCount "113"]

1. e4 Nf6 2. e5 Nd5 3. d4 d6 4. Nf3 Nc6 5. c4 Nb6 6. e6 fxe6 7. Be3 e5 8. dxe5
dxe5 9. Qxd8+ Nxd8 10. Nxe5 Bf5 11. Nc3 Nf7 12. Bf4 Nxe5 13. Bxe5 O-O-O 14. Nb5
e6 15. a3 a6 16. Bxc7 Rd7 17. Bxb6 axb5 18. c5 Rd5 19. Bxb5 Bxc5 20. Rc1 Bd3
21. Bxd3 Rxd3 22. Rxc5+ Kd7 23. Rc3 Rxc3 24. bxc3 Kc6 25. Ba5 Kb5 26. Bb4 g5
27. Ke2 g4 28. Rd1 Kc4 29. Rd4+ Kb3 30. Rxg4 b5 31. Rg7 h5 32. Rg6 h4 33. Rxe6
Rg8 34. g3 hxg3 35. hxg3 Kc4 36. Rc6+ Kb3 37. Kf3 Rd8 38. Re6 Rd7 39. g4 Rd3+
40. Kf4 Rd7 41. g5 Kc4 42. Kf5 Rf7+ 43. Rf6 Rg7 44. g6 Kd3 45. Rf7 Rg8 46. g7
Ke2 47. Kg6 Rc8 48. Kh7 Rc4 49. f4 Kf3 50. g8=Q Rxf4 51. Rxf4+ Kxf4 52. Qd5 Ke3
53. Qxb5 Kd2 54. a4 Kc2 55. a5 Kb3 56. a6 Kc2 57. a7 1-0

[Event "Tournoi Skype 022A"]
[Site "Skype"]
[Date "????.??.??"]
[Round "5.21"]
[White "Fernandez Cabello, Emilio"]
[Black "Mitrani, Alberto"]
[Result "0-1"]
[WhiteElo "1685"]
[BlackElo "1570"]
[PlyCount "60"]

1. e4 d6 2. d4 Nf6 3. Nc3 g6 4. f4 Bg7 5. Nf3 O-O 6. Bc4 Nxe4 7. Bxf7+ Rxf7 8.
Nxe4 Nd7 9. Nfg5 Nf6 10. Nxf7 Kxf7 11. Nxf6 Bxf6 12. O-O Bf5 13. c3 d5 14. Be3
Qd7 15. Qd2 Rg8 16. b3 h6 17. Qf2 Be4 18. Rac1 Ke8 19. c4 c6 20. cxd5 Bxd5 21.
g3 Qf5 22. h4 Qh3 23. Qh2 Qg4 24. Rfe1 Rh8 25. b4 g5 26. fxg5 hxg5 27. Rf1 Rxh4
28. Rf4 gxf4 29. Qxh4 Bxh4 30. Bxf4 Bxg3 0-1

[Event "Tournoi Skype 022A"]
[Site "Skype"]
[Date "????.??.??"]
[Round "5.22"]
[White "Kruk, Clementine"]
[Black "Mulrooney, Justin"]
[Result "1-0"]
[WhiteElo "1559"]
[BlackElo "1622"]
[PlyCount "54"]

1. e4 e6 2. d4 d5 3. Nc3 Nf6 4. Nf3 dxe4 5. Ng5 Bb4 6. Bd2 Nc6 7. Ncxe4 Qxd4 8.
Bxb4 Qxb4+ 9. Nc3 O-O 10. Bd3 h6 11. Nge4 Nxe4 12. Bxe4 Qxb2 13. Ne2 Rd8 14.
Bd3 Qb4+ 15. c3 Qd6 16. Bc2 Qe5 17. Bd3 b6 18. O-O Ba6 19. Nd4 Bb7 20. Re1 Qc5
21. Nb5 Ne5 22. Re3 a6 23. Nd4 Qxc3 24. Bh7+ Kxh7 25. Rxc3 c5 26. Qc2+ Kg8 27.
Ne2 Rd4 1-0

[Event "Tournoi Skype 022A"]
[Site "Skype"]
[Date "????.??.??"]
[Round "5.23"]
[White "Sauvaget, Joel"]
[Black "Bendre, Pankaj"]
[Result "1/2-1/2"]
[WhiteElo "1616"]
[BlackElo "1554"]
[PlyCount "52"]

1. e4 c5 2. Nf3 d6 3. Nc3 a6 4. h3 Nc6 5. Bc4 Nf6 6. d4 cxd4 7. Nxd4 Ne5 8. Be2
g6 9. O-O Bg7 10. Be3 O-O 11. Qd2 Bd7 12. Nf3 Nc6 13. Bh6 Qa5 14. Bxg7 Kxg7 15.
a3 Qc7 16. Bc4 Na5 17. Ba2 Nc4 18. Bxc4 Qxc4 19. Rfe1 Qc5 20. Nd5 Rfe8 21. Nxf6
exf6 22. Nd4 Bc6 23. Nxc6 Qxc6 24. f3 Rad8 25. Rad1 Rd7 26. Kh1 Qb6 1/2-1/2

[Event "Tournoi Skype 022A"]
[Site "Skype"]
[Date "????.??.??"]
[Round "5.24"]
[White "Salazar Ticeran, Antonio"]
[Black "Jogi, Kalpesh"]
[Result "0-1"]
[WhiteElo "1611"]
[BlackElo "1552"]
[PlyCount "88"]

1. e4 d5 2. exd5 Qxd5 3. Nc3 Qe5+ 4. Be2 Bg4 5. f3 Bd7 6. d4 Qa5 7. Bd2 Qb6 8.
Nd5 Qd6 9. c4 Nf6 10. Bb4 Qc6 11. Nxf6+ exf6 12. Bxf8 Rxf8 13. d5 Qb6 14. Qd2
Na6 15. a3 c6 16. b4 cxd5 17. c5 Qe6 18. O-O-O Nc7 19. Nh3 O-O-O 20. Nf4 Qe5
21. Kb1 f5 22. Rhe1 Qf6 23. b5 Bxb5 24. Bxb5 Nxb5 25. Re3 d4 26. Rb3 Nc3+ 27.
Kc2 Nxd1 28. Kxd1 Qc6 29. Nd3 Qd5 30. Qb2 Rd7 31. c6 Qxc6 32. Ne5 Qd5 33. Nxd7
Qxd7 34. Rd3 Rd8 35. Qc2+ Kb8 36. Qc5 g6 37. Qe5+ Ka8 38. Qg7 h5 39. h4 Qa4+
40. Kd2 Qa5+ 41. Ke2 Re8+ 42. Kd1 Qe1+ 43. Kc2 Qe2+ 44. Rd2 Rc8+ 0-1

[Event "Tournoi Skype 022A"]
[Site "Skype"]
[Date "????.??.??"]
[Round "5.25"]
[White "Calderon, Job"]
[Black "Martin, Jean-Claude"]
[Result "1/2-1/2"]
[WhiteElo "1600"]
[BlackElo "1531"]
[PlyCount "75"]

1. e4 d5 2. exd5 Qxd5 3. Nc3 Qa5 4. Nf3 Nf6 5. Be2 Bg4 6. O-O Nc6 7. d3 O-O-O
8. Bd2 e6 9. h3 Bxf3 10. Bxf3 Nd4 11. Ne4 Nxf3+ 12. Qxf3 Qh5 13. Qxh5 Nxh5 14.
Ng5 Rd7 15. Bc3 h6 16. Nf3 f6 17. Rfe1 Nf4 18. Kh2 e5 19. g3 Nd5 20. Bd2 Nb4
21. Bxb4 Bxb4 22. c3 Rxd3 23. cxb4 Rxf3 24. Kg2 Rd3 25. Rac1 Rhd8 26. Re2 Rd2
27. Rc2 Rxe2 28. Rxe2 Rd4 29. a3 e4 30. g4 Kd7 31. Kg3 Ke6 32. Kh4 g6 33. f3
Kd5 34. f4 e3 35. Rxe3 Rxf4 36. Re7 Kd6 37. Rg7 f5 38. Rxg6+ 1/2-1/2

[Event "Tournoi Skype 022A"]
[Site "Skype"]
[Date "????.??.??"]
[Round "5.26"]
[White "Le Brun, Yves"]
[Black "Rugman, Dan"]
[Result "0-1"]
[WhiteElo "1491"]
[BlackElo "1597"]
[PlyCount "60"]

1. d4 Nf6 2. e3 g6 3. Bd3 Bg7 4. Nd2 O-O 5. h3 c5 6. c3 b6 7. Ngf3 d5 8. O-O
Qc7 9. Re1 Bb7 10. Ne5 Nfd7 11. f4 Nxe5 12. fxe5 Nc6 13. Nf3 Rad8 14. a3 e6 15.
Bd2 f6 16. exf6 Bxf6 17. e4 dxe4 18. Bxe4 cxd4 19. Qb3 Qc8 20. Rac1 Na5 21. Qc2
dxc3 22. Bxc3 Qc5+ 23. Kh1 Bxe4 24. Rxe4 Rc8 25. Rxe6 Bxc3 26. Rxg6+ Bg7 27.
Qxc5 Rxc5 28. Rxc5 bxc5 29. Rg5 Nb3 30. Rd5 Bxb2 0-1

[Event "Tournoi Skype 022A"]
[Site "Skype"]
[Date "????.??.??"]
[Round "5.27"]
[White "Khunte, Aniruddha"]
[Black "Yardimci, Ertan"]
[Result "1/2-1/2"]
[WhiteElo "1586"]
[BlackElo "1501"]
[PlyCount "56"]

1. e4 e5 2. Nf3 Nc6 3. Bb5 a6 4. Ba4 Nf6 5. O-O Be7 6. Nc3 b5 7. Bb3 d6 8. d4
exd4 9. Nxd4 Nxd4 10. Qxd4 Bb7 11. a3 O-O 12. e5 dxe5 13. Qxe5 Re8 14. Qg3 Bd6
15. Qh4 Ne4 16. Qxd8 Raxd8 17. Nxe4 Rxe4 18. f3 Re2 19. Bg5 Rde8 20. Rad1 h6
21. Bd2 Bc5+ 22. Kh1 Bd6 23. Bb4 Bxb4 24. axb4 R8e7 25. Rf2 Re1+ 26. Rf1 R1e2
27. Rf2 Re1+ 28. Rf1 R1e2 1/2-1/2

[Event "Tournoi Skype 022A"]
[Site "Skype"]
[Date "????.??.??"]
[Round "5.28"]
[White "Teles, Jeferson Lisboa"]
[Black "Vello, Pablo"]
[Result "0-1"]
[WhiteElo "1633"]
[BlackElo "1424"]
[PlyCount "54"]

1. d4 Nf6 2. Bf4 c5 3. dxc5 Qa5+ 4. Nd2 Qxc5 5. e3 e5 6. Nb3 Qc7 7. Bg3 d6 8.
Be2 Be7 9. Nf3 O-O 10. O-O Nc6 11. c3 Bf5 12. Nh4 Be6 13. Qc2 Rad8 14. Nf5 Bxf5
15. Qxf5 Qd7 16. Qc2 d5 17. Rad1 Ne4 18. Bd3 f5 19. f3 Nxg3 20. hxg3 Qc8 21.
Nd2 d4 22. exd4 exd4 23. Bb5 Ne5 24. Qb3+ Kh8 25. f4 dxc3 26. fxe5 cxd2 27. Rf2
Bc5 0-1

[Event "Tournoi Skype 022A"]
[Site "Skype"]
[Date "????.??.??"]
[Round "5.29"]
[White "Luna Perez Vico, Lorenzo"]
[Black "Yeter, Orhan"]
[Result "0-1"]
[WhiteElo "1554"]
[BlackElo "1635"]
[PlyCount "68"]

1. e4 e5 2. Nf3 Nc6 3. Bb5 Nf6 4. O-O Nxe4 5. Re1 Nd6 6. Bxc6 dxc6 7. Rxe5+ Be7
8. Qe2 Be6 9. d3 O-O 10. Bf4 Bf6 11. Bg5 Bxg5 12. Nxg5 Qf6 13. Nd2 Bd5 14. c3
Rae8 15. Ngf3 Rxe5 16. Qxe5 Qxe5 17. Nxe5 Re8 18. Re1 f6 19. Nef3 Rxe1+ 20.
Nxe1 Bxa2 21. Nef3 Bd5 22. Nd4 c5 23. N4f3 Bf7 24. d4 cxd4 25. Nxd4 c5 26. N4b3
Bxb3 27. Nxb3 b6 28. Nd2 Kf7 29. f3 Ke6 30. Kf2 Kd5 31. Ke3 Nc4+ 32. Nxc4 Kxc4
33. Kd2 Kb3 34. Kc1 a5 0-1

[Event "Tournoi Skype 022A"]
[Site "Skype"]
[Date "????.??.??"]
[Round "5.31"]
[White "Perez Fermin, Jose"]
[Black "Galani, Mahendra"]
[Result "1-0"]
[WhiteElo "1590"]
[BlackElo "1491"]
[PlyCount "59"]

1. e4 e5 2. Bc4 Nf6 3. Nf3 d5 4. exd5 Nxd5 5. Nxe5 Be6 6. Bb3 Qg5 7. Nxf7 Bxf7
8. Qf3 c6 9. Nc3 Bh5 10. Qe4+ Ne7 11. d3 Qf6 12. h4 h6 13. Bf4 Nd7 14. Kd2 Bg6
15. Qe3 Bh5 16. Rae1 Bf7 17. Ne4 Qxb2 18. Nd6+ Kd8 19. Nxf7+ Ke8 20. Nxh8 Nf6
21. Qe6 Qa3 22. Bd6 Qa5+ 23. Kd1 Qh5+ 24. f3 Nfd5 25. Re5 Nc3+ 26. Kd2 Qxe5 27.
Bxe5 Ncd5 28. Ng6 Kd8 29. Nxf8 Nc8 30. Qd7# 1-0

[Event "Tournoi Skype 022A"]
[Site "Skype"]
[Date "????.??.??"]
[Round "5.32"]
[White "Marino, Giuseppe"]
[Black "Hague, Mark"]
[Result "1/2-1/2"]
[WhiteElo "1356"]
[BlackElo "1581"]
[PlyCount "119"]

1. d4 f5 2. Nf3 e6 3. e3 Nf6 4. Bd3 Be7 5. Nbd2 O-O 6. O-O b6 7. e4 fxe4 8.
Nxe4 Bb7 9. Nxf6+ Bxf6 10. Be2 d6 11. Re1 Nd7 12. c3 c5 13. a3 cxd4 14. Nxd4
Bxd4 15. Qxd4 Nf6 16. h3 Rc8 17. Bg4 Nxg4 18. Qxg4 Qf6 19. Qxe6+ Kh8 20. Qxf6
Rxf6 21. Bd2 Rcf8 22. Be3 Rg6 23. g3 Bf3 24. Rac1 Re6 25. Bf4 Ref6 26. Re3 Ba8
27. Rd1 d5 28. Rde1 g5 29. Be5 Kg7 30. Bxf6+ Rxf6 31. Re7+ Kg6 32. R1e6 Rxe6
33. Rxe6+ Kf7 34. Re3 Kf6 35. f3 Bc6 36. Kf2 Bb5 37. g4 Bc4 38. Kg3 a5 39. f4
h6 40. fxg5+ hxg5 41. h4 gxh4+ 42. Kxh4 b5 43. g5+ Kg7 44. Re6 a4 45. g6 d4 46.
Kg5 Bxe6 47. cxd4 Bd5 48. Kf5 Bc4 49. Ke5 Kxg6 50. d5 Bf1 51. d6 Bh3 52. Kd5
Kf7 53. Kc6 Be6 54. d7 Ke7 55. Kxb5 Bxd7+ 56. Kc5 Ke6 57. Kc4 Ke5 58. Kc3 Kd5
59. b3 axb3 60. Kxb3 1/2-1/2

[Event "Tournoi Skype 022A"]
[Site "Skype"]
[Date "????.??.??"]
[Round "6.1"]
[White "Hilton, Stephen"]
[Black "Gasperoni, Claudio"]
[Result "0-1"]
[WhiteElo "1892"]
[BlackElo "1853"]
[PlyCount "46"]

1. d4 d5 2. Bf4 c5 3. e3 Nc6 4. c3 Nf6 5. Nd2 cxd4 6. exd4 Bf5 7. Ngf3 e6 8.
Ne5 Bd6 9. Bb5 Rc8 10. Qa4 O-O 11. Ndf3 Ne4 12. Be3 f6 13. Nxc6 bxc6 14. Bxc6
Rb8 15. O-O Rxb2 16. Qxa7 Nxc3 17. Kh1 Rf7 18. Qa6 Rb6 19. Qa5 Bb4 20. Qa8 Qxa8
21. Bxa8 Ra7 22. a3 Ba5 23. Nh4 Bd3 0-1

[Event "Tournoi Skype 022A"]
[Site "Skype"]
[Date "????.??.??"]
[Round "6.2"]
[White "Devos, Piet"]
[Black "Benson, Paul"]
[Result "1-0"]
[WhiteElo "2211"]
[BlackElo "2015"]
[PlyCount "89"]

1. d4 f5 2. Bg5 h6 3. Bh4 c5 4. e4 Qb6 5. Qh5+ g6 6. Qd1 Qxb2 7. Nd2 Qxd4 8.
Ngf3 Qg7 9. exf5 gxf5 10. Bd3 d6 11. O-O Nc6 12. Rb1 e5 13. Re1 Be7 14. Bxe7
Ngxe7 15. Nc4 Qf6 16. Bf1 O-O 17. Qxd6 Qxd6 18. Nxd6 e4 19. Nh4 b6 20. g4 Be6
21. gxf5 Bxa2 22. Ra1 Bd5 23. c4 Bf7 24. f6 Nc8 25. Nxe4 Nd4 26. Re3 Kh7 27.
Bd3 Kh8 28. Kh1 a5 29. Rg3 Rg8 30. Rag1 Rxg3 31. Rxg3 Na7 32. Nd6 Bh5 33. Rg7
Nac6 34. Rh7+ Kg8 35. f7+ Bxf7 36. Nxf7 Ra6 37. Nxh6+ Kf8 38. Ng6+ Ke8 39. Ng4
a4 40. Nf6+ Kd8 41. Rh8+ Kc7 42. Nd5+ Kd6 43. Nf8 a3 44. Rh6+ Ke5 45. f4# 1-0

[Event "Tournoi Skype 022A"]
[Site "Skype"]
[Date "????.??.??"]
[Round "6.3"]
[White "Deville, Olivier"]
[Black "Rico Hernandez, Edgar"]
[Result "0-1"]
[WhiteElo "1991"]
[BlackElo "1861"]
[PlyCount "76"]

1. d4 d5 2. Nf3 Nf6 3. c4 e6 4. g3 c6 5. Qc2 Nbd7 6. Bg2 Be7 7. O-O O-O 8. Nbd2
h6 9. e4 a6 10. cxd5 cxd5 11. e5 Ne8 12. h4 Nb6 13. Re1 Bd7 14. b3 Rc8 15. Qd1
Nc7 16. a4 a5 17. Nh2 Na6 18. Bf1 Nb4 19. Rb1 Nc2 20. Ndf3 Nxe1 21. Nxe1 f6 22.
Qg4 f5 23. Qg6 Qe8 24. Qxe8 Rfxe8 25. Bd2 Ra8 26. Rc1 Rec8 27. Rxc8+ Nxc8 28.
Nd3 b6 29. h5 Na7 30. Nf4 Kf7 31. g4 fxg4 32. Nxg4 Bg5 33. Bd3 Bxf4 34. Bxf4
Rc8 35. Bd2 Nc6 36. Kg2 Nxd4 37. Be3 Nxb3 38. Bxb6 Bxa4 0-1

[Event "Tournoi Skype 022A"]
[Site "Skype"]
[Date "????.??.??"]
[Round "6.4"]
[White "Gomez, Ken"]
[Black "Siret, Bernard"]
[Result "1/2-1/2"]
[WhiteElo "1929"]
[BlackElo "2019"]
[PlyCount "71"]

1. d4 c5 2. d5 f5 3. g3 e5 4. dxe6 dxe6 5. Qxd8+ Kxd8 6. Nf3 Nf6 7. Nc3 Nc6 8.
Bf4 Bd7 9. Bg2 h6 10. O-O-O Kc8 11. h3 g5 12. Be5 Bg7 13. Bd6 Bf8 14. Ne5 Bxd6
15. Nf7 Bxg3 16. fxg3 Rf8 17. Nd6+ Kc7 18. Na4 Nd4 19. Nxc5 Nxe2+ 20. Kb1 Nxg3
21. Rhe1 a6 22. Bxb7 Rad8 23. Nxa6+ Kb6 24. Rd4 Nd5 25. c4 f4 26. Rd3 f3 27.
c5+ Ka7 28. Ra3 Ba4 29. Rxa4 Rxd6 30. cxd6 Kxb7 31. Nc5+ Kc6 32. Nxe6 f2 33.
Rc1+ Nc3+ 34. bxc3 f1=Q 35. Rxf1 Rxf1+ 36. Kb2 1/2-1/2

[Event "Tournoi Skype 022A"]
[Site "Skype"]
[Date "????.??.??"]
[Round "6.5"]
[White "Engstrom, Olle"]
[Black "Lopez, Jose Luis"]
[Result "0-1"]
[WhiteElo "1772"]
[BlackElo "1897"]
[PlyCount "30"]

1. e4 c5 2. Nf3 Nc6 3. d4 cxd4 4. Nxd4 Nf6 5. Nc3 g6 6. Be3 Bg7 7. f3 O-O 8.
Qd2 d5 9. Nxc6 bxc6 10. O-O-O Be6 11. Bd4 dxe4 12. fxe4 Qa5 13. a3 c5 14. Be3
Ng4 15. Bg1 Bh6 0-1

[Event "Tournoi Skype 022A"]
[Site "Skype"]
[Date "????.??.??"]
[Round "6.6"]
[White "Dal, Ibrahim"]
[Black "Murgia, Stefano"]
[Result "1-0"]
[WhiteElo "1838"]
[BlackElo "1729"]
[PlyCount "47"]

1. d4 f5 2. e4 fxe4 3. Nc3 Nf6 4. Bg5 Nc6 5. f3 d5 6. Bb5 Bf5 7. Qe2 Qd6 8.
Bxf6 exf6 9. fxe4 dxe4 10. d5 O-O-O 11. dxc6 Qb4 12. Rb1 Qa5 13. cxb7+ Kb8 14.
Qc4 Bb4 15. a3 Bd6 16. Nge2 Be5 17. O-O Qb6+ 18. Kh1 g6 19. Na4 Qe3 20. Nc5 Rd6
21. Na6+ Rxa6 22. Bxa6 Bg4 23. c3 f5 24. Nd4 1-0

[Event "Tournoi Skype 022A"]
[Site "Skype"]
[Date "????.??.??"]
[Round "6.7"]
[White "Segura Lozano, Marcos Antonio"]
[Black "Khetre, Gaurav"]
[Result "0-1"]
[WhiteElo "1825"]
[BlackElo "1714"]
[PlyCount "54"]

1. d4 Nf6 2. c4 e6 3. Nf3 b6 4. g3 Bb7 5. Bg2 c5 6. O-O Be7 7. dxc5 Bxc5 8. Nc3
O-O 9. Bf4 Nc6 10. e3 d6 11. b4 Bxb4 12. Qc2 h6 13. Rad1 Qc7 14. Nb5 Qe7 15.
Bxd6 Bxd6 16. Nxd6 Ba6 17. Qa4 Na5 18. Rd2 Rad8 19. Rfd1 Nd7 20. Nf5 exf5 21.
Rxd7 Qf6 22. Ne5 Bc8 23. Rxd8 Rxd8 24. Rxd8+ Qxd8 25. Bd5 Be6 26. Nc6 Qd7 27.
Bxe6 fxe6 0-1

[Event "Tournoi Skype 022A"]
[Site "Skype"]
[Date "????.??.??"]
[Round "6.8"]
[White "L'Herbon De Lussats, Jean"]
[Black "Ibarra Cantu, Raul Alberto"]
[Result "0-1"]
[WhiteElo "1507"]
[BlackElo "1924"]
[PlyCount "64"]

1. e4 c5 2. Nf3 Nc6 3. d4 cxd4 4. Nxd4 Nf6 5. Nc3 e5 6. Ndb5 d6 7. Nd5 Nxd5 8.
exd5 a6 9. Nc3 Ne7 10. b3 g6 11. Ba3 Bg7 12. Ne4 Qa5+ 13. Qd2 Qxa3 14. c4 Bf5
15. Bd3 Bxe4 16. Bxe4 f5 17. Bc2 Qb2 18. O-O e4 19. a4 Qc3 20. Qe2 Kf7 21. Rab1
Rhe8 22. f3 e3 23. f4 Qd2 24. Bd3 Qxe2 25. Bxe2 Bc3 26. g4 fxg4 27. Bxg4 Nf5
28. Be2 Nd4 29. Bd3 e2 30. Bxe2 Rxe2 31. Rf3 Nxf3+ 32. Kh1 Rxh2# 0-1